000 00805nas a2200253 4500
001 BR7301917
003 BR-BrBNA
005 20231205082414.0
007 ta
008 230509b bl.|||p| |||| 00| 00por d
040 _aBR-BrBNA
_bpor
_cBiblioteca Nacional de Agricultura
041 _a(Pt)
072 _aH20
100 1 _aSilva, W.M. da
245 1 _aTermoterapia em gemas isoladas assegura o controle do raquitismo [Saccharum officinarum, cana de acucar, Brasil]
650 _aDOENCA DE PLANTA
650 _aRAQUITISMO DAS SOQUEIRAS
650 _aCANA DE ACUCAR
650 _aSOCA
650 _aTRATAMENTO TERMICO
773 0 _tBoletim Tecnico COPERSUCAR (Brazil)
_xISSN 0100-2996
_g(Jan 1976), (no. 1) p. 12-15
_wBR7301917
909 _a202311
_bLúcia
_c55
_dLúcia Elande
942 _2AGRIS
_n0
_cANA
999 _c91516
_d91516